000 01039naa a22002897a 4500
001 BR6010377
003 BR-BrBNA
005 20240918173212.0
007 ta
008 230509b bl.||||| |||| 00| 0 por d
040 _aBR-BrBNA
_bpor
_cBiblioteca Nacional de Agricultura
041 _a(Pt)
072 _aF00
_b2480
_bG514
090 _aF00 BR6010377
100 1 _aOliveira, F.C. de
111 1 _aReuniao de Estudos da Borracha para Aumento da Producao
_cRio de Janeiro, GB (Brazil)
_d14 Apr 1958
245 1 _aA IRFA do Para na Campanha da Heveicultura [Inspetoria Regional de Fomento Agricola; Brasil]
260 3 _aBrasilia, DF (Brasil):
_c1960.
500 _aO problema da borracha brasileira Brasilia, DF (Brasil): 1960. p. 114-116 (BR6010377-AM)F00
650 _aProducao vegetal
650 _aSeringueira
650 _aPlantio
650 _aPara
773 0 _tO problema da borracha brasileira
_wF00 BR6010377
_gBrasilia, DF (Brasil), 1960. p. 114-116
909 _a202404
_bLucia
_c55
_dLucia Elande
942 _cAM
_2AGRIS
999 _c303421
_d303421